| 000 | 00357nam a2200133Ia 4500 | ||
|---|---|---|---|
| 005 | 20260326100048.0 | ||
| 008 | 260326s9999||||xx |||||||||||||| ||und|| | ||
| 100 | _aPortillo, Esther Enríquez | ||
| 245 | 0 |
_aLos Constructores de la Ciudad Moderna / _cEsther Enríquez Portillo |
|
| 260 | _bArgia | ||
| 300 | _a107 p. | ||
| 650 | _aDISEÑO URBANO | ||
| 942 | _cBK | ||
| 999 |
_c7284 _d7284 |
||